[Event "ZL-2011-0-00922"]
[Site "LSS email"]
[Date "2011.05.22"]
[Round "?"]
[White "Molano Lafuente, Ismael"]
[Black "Joey, Tribianii"]
[Result "1-0"]
[WhiteElo "1306"]
[BlackElo "1085"]
[PlyCount "41"]
[EventDate "2011.05.16"]
[EventType "match (corr)"]
[EventRounds "2"]
[EventCountry "GER"]
[SourceTitle "Telechess CBM 145"]
[Source "Chessbase"]
[SourceDate "2011.11.11"]
[SourceVersion "1"]
[SourceVersionDate "2011.11.11"]
[SourceQuality "1"]

1. e4 c5 2. Nc3 d6 3. f4 Nc6 4. Nf3 g6 5. d4 cxd4 6. Nxd4 Bg7 7. Bb5 Bd7 8. Be3 Nf6 9. Nxc6 Bxc6 10. Bxc6+ bxc6 11. 0-0 Rb8 12. Rb1 Qc7 13. Bd4 Rb4 14. a3 Rxd4 15. Qxd4 0-0 16. Kh1 Ng4 17. Qd3 Qb6 18. Nd1 Rb8 19. b4 a5 20. c4 axb4 21. axb4 1-0

[Event "BI-2011-P-00022"]
[Site "LSS email"]
[Date "2011.04.17"]
[Round "?"]
[White "Joey, Tribianii"]
[Black "Muller, Henri Louis"]
[Result "0-1"]
[WhiteElo "1097"]
[BlackElo "2052"]
[PlyCount "28"]
[EventDate "2011.04.20"]
[EventType "tourn (corr)"]
[EventRounds "10"]
[EventCountry "GER"]
[SourceTitle "Corr 2015"]
[Source "ChessBase"]
[SourceDate "2015.07.17"]
[SourceVersion "1"]
[SourceVersionDate "2015.07.17"]
[SourceQuality "1"]

1. d4 Nf6 2. c4 e6 3. Nc3 Bb4 4. f3 0-0 5. e4 d5 6. e5 Nfd7 7. cxd5 exd5 8. f4 c5 9. a3 Ba5 10. Nf3 cxd4 11. Nxd4 Nxe5 12. fxe5 Qh4+ 13. Ke2 Bb6 14. Be3 Bg4+ 0-1

[Event "LSS No Engine Cup 41 Preliminary 3"]
[Site "LSS email"]
[Date "2011.04.17"]
[Round "?"]
[White "Joey, Tribianii"]
[Black "Yangibayev, Rustam"]
[Result "1-0"]
[WhiteElo "1097"]
[BlackElo "849"]
[PlyCount "45"]
[EventDate "2011.04.18"]
[EventType "tourn (corr)"]
[EventRounds "6"]
[EventCountry "GER"]
[SourceTitle "Telechess CBM 151"]
[Source "ChessBase"]
[SourceDate "2012.11.13"]
[SourceVersion "1"]
[SourceVersionDate "2012.11.13"]
[SourceQuality "1"]

1. d4 Nf6 2. c4 c5 3. d5 d6 4. Nc3 g6 5. Nf3 Bg7 6. g3 Bg4 7. Bg2 0-0 8. 0-0 a6 9. a4 Nbd7 10. h3 Bxf3 11. Bxf3 Ne5 12. Qb3 Nxf3+ 13. exf3 Re8 14. Kg2 Rb8 15. Bd2 Qd7 16. Rfe1 Qf5 17. Re2 e5 18. dxe6 Rxe6 19. g4 Qd3 20. Rxe6 fxe6 21. Rd1 Qd4 22. Bg5 Qe5 23. f4 1-0

[Event "LSS No Engine Cup 41 Preliminary 3"]
[Site "LSS email"]
[Date "2011.04.17"]
[Round "?"]
[White "Lauer, Fredric"]
[Black "Joey, Tribianii"]
[Result "0-1"]
[WhiteElo "1038"]
[BlackElo "1097"]
[PlyCount "70"]
[EventDate "2011.04.18"]
[EventType "tourn (corr)"]
[EventRounds "6"]
[EventCountry "GER"]
[SourceTitle "Telechess CBM 151"]
[Source "ChessBase"]
[SourceDate "2012.11.13"]
[SourceVersion "1"]
[SourceVersionDate "2012.11.13"]
[SourceQuality "1"]

1. d4 d5 2. Nc3 Nf6 3. Bg5 e6 4. e4 dxe4 5. Nxe4 Nbd7 6. Nf3 Be7 7. Nxf6+ Bxf6 8. Bxf6 Nxf6 9. Bd3 0-0 10. c3 b6 11. 0-0 Bb7 12. Ne5 Qd5 13. f3 c5 14. Bc4 Qd6 15. Bb3 Rad8 16. Nc4 Qf4 17. Qe2 cxd4 18. cxd4 Rxd4 19. Rad1 Rfd8 20. Rxd4 Rxd4 21. Rd1 Bd5 22. Rxd4 Qxd4+ 23. Kf1 Nd7 24. Ke1 Qg1+ 25. Qf1 Qxh2 26. Nd2 Qe5+ 27. Qe2 Qxb2 28. Bxd5 exd5 29. Qa6 Qe5+ 30. Kd1 Qc7 31. Nb3 Ne5 32. Qe2 h5 33. Nd4 Nc4 34. Qe8+ Kh7 35. Nf5 Qf4 0-1

[Event "LSS No Engine Cup 38 Preliminary 3"]
[Site "LSS email"]
[Date "2011.03.02"]
[Round "?"]
[White "Joey, Tribianii"]
[Black "Kudryavtsev, Yaroslav Viktorovic"]
[Result "0-1"]
[WhiteElo "1097"]
[BlackElo "2075"]
[PlyCount "42"]
[EventDate "2011.03.03"]
[EventType "tourn (corr)"]
[EventRounds "6"]
[EventCountry "GER"]
[SourceTitle "Telechess CBM 151"]
[Source "ChessBase"]
[SourceDate "2012.11.13"]
[SourceVersion "1"]
[SourceVersionDate "2012.11.13"]
[SourceQuality "1"]

1. d4 Nf6 2. c4 g6 3. Nc3 d5 4. Bf4 Bg7 5. e3 0-0 6. Rc1 c5 7. dxc5 Be6 8. Nf3 Nc6 9. Qb3 Ne4 10. Qxb7 Rc8 11. Qa6 Nxc5 12. Qa3 Ne4 13. cxd5 Bxd5 14. Ba6 Nxc3 15. bxc3 e5 16. Bg3 Rb8 17. 0-0 Qf6 18. Be2 Rfc8 19. c4 Be4 20. c5 h6 21. Rfd1 Qe6 0-1

[Event "RN-2011-0-00355"]
[Site "LSS email"]
[Date "2011.03.01"]
[Round "?"]
[White "Lombardi, Donato"]
[Black "Joey, Tribianii"]
[Result "0-1"]
[WhiteElo "775"]
[BlackElo "1118"]
[PlyCount "48"]
[EventDate "2011.02.15"]
[EventType "tourn (corr)"]
[EventRounds "6"]
[EventCountry "GER"]
[SourceTitle "Telechess CBM 147"]
[Source "ChessBase"]
[SourceDate "2012.03.16"]
[SourceVersion "1"]
[SourceVersionDate "2012.03.16"]
[SourceQuality "1"]

1. e4 c5 2. Nf3 d6 3. d4 cxd4 4. Nxd4 Nf6 5. Bd3 a6 6. 0-0 e5 7. Nb3 b5 8. Bg5 Be7 9. Nc3 Nbd7 10. Qf3 0-0 11. Rad1 Bb7 12. Bxf6 Nxf6 13. Nd5 Nxd5 14. exd5 f5 15. Bxf5 Bc8 16. Bxh7+ Kxh7 17. Qh5+ Kg8 18. Rd3 Rf5 19. Qe2 Rf4 20. Re1 Bg4 21. Qe3 Bg5 22. g3 Rc4 23. Qb6 Qxb6 24. h4 Rf8 0-1

[Event "RN-2011-0-00355"]
[Site "LSS email"]
[Date "2011.03.01"]
[Round "?"]
[White "Yangibayev, Rustam"]
[Black "Joey, Tribianii"]
[Result "0-1"]
[WhiteElo "1400"]
[BlackElo "1118"]
[PlyCount "36"]
[EventDate "2011.02.15"]
[EventType "tourn (corr)"]
[EventRounds "6"]
[EventCountry "GER"]
[SourceTitle "Telechess CBM 147"]
[Source "ChessBase"]
[SourceDate "2012.03.16"]
[SourceVersion "1"]
[SourceVersionDate "2012.03.16"]
[SourceQuality "1"]

1. d4 Nf6 2. c4 c6 3. Nc3 d5 4. cxd5 cxd5 5. Nf3 Nc6 6. e3 Bf5 7. Bb5 e6 8. 0-0 Bd6 9. h3 h6 10. Qa4 Qb6 11. Qd1 Ne4 12. Bxc6+ bxc6 13. Nh4 Nxc3 14. bxc3 Be4 15. Qg4 g5 16. Nf3 Bf5 17. Qh5 Bg6 18. Qg4 f5 0-1

[Event "OP-2011-0-01408"]
[Site "LSS email"]
[Date "2011.02.17"]
[Round "?"]
[White "Hall, Jay"]
[Black "Joey, Tribianii"]
[Result "0-1"]
[WhiteElo "1033"]
[BlackElo "1118"]
[PlyCount "108"]
[EventDate "2011.02.12"]
[EventType "tourn (corr)"]
[EventRounds "4"]
[EventCountry "GER"]
[SourceTitle "Telechess CBM 147"]
[Source "ChessBase"]
[SourceDate "2012.03.16"]
[SourceVersion "1"]
[SourceVersionDate "2012.03.16"]
[SourceQuality "1"]

1. e4 c5 2. d4 cxd4 3. Qxd4 Nc6 4. Qc4 Nf6 5. Nf3 d6 6. Ng5 e6 7. Nc3 Be7 8. Be2 0-0 9. 0-0 h6 10. Nf3 Bd7 11. Be3 Rc8 12. Nb5 Ne5 13. Qb3 Bxb5 14. Bxb5 Nxf3+ 15. gxf3 a6 16. Be2 Qc7 17. c4 Nd7 18. Rad1 Qc6 19. a4 Nc5 20. Bxc5 dxc5 21. Qc2 Bf6 22. b3 Qc7 23. Rd3 Be5 24. f4 Bxf4 25. Rh3 Rcd8 26. Rd1 Rxd1+ 27. Qxd1 Rd8 28. Bd3 Qe5 29. Qg4 Rd4 30. Kg2 Qd6 31. Rf3 Rxd3 32. Rxd3 Qxd3 33. Qxf4 Qxb3 34. Qb8+ Kh7 35. Qf8 Qxc4 36. Qxf7 Qxe4+ 37. Qf3 Qxf3+ 38. Kxf3 b5 39. axb5 axb5 40. Ke3 c4 41. Kd4 e5+ 42. Kc3 Kg6 43. Kb4 Kf5 44. h3 Kf4 45. Kxb5 c3 46. Kc5 c2 47. Kd6 c1Q 48. Ke6 Qc7 49. Kd5 e4 50. Ke6 Qc6+ 51. Kf7 Kf5 52. Kxg7 Qg6+ 53. Kh8 Kf6 54. h4 Qg7# 0-1

[Event "OP-2011-0-01390"]
[Site "LSS email"]
[Date "2011.01.30"]
[Round "?"]
[White "Joey, Tribianii"]
[Black "Petrov, Hristo"]
[Result "1/2-1/2"]
[WhiteElo "1118"]
[BlackElo "1268"]
[PlyCount "22"]
[EventDate "2011.01.26"]
[EventType "tourn (corr)"]
[EventRounds "4"]
[EventCountry "GER"]
[SourceTitle "Corr 2013"]
[Source "ChessBase"]
[SourceDate "2012.11.12"]
[SourceVersion "1"]
[SourceVersionDate "2012.11.12"]
[SourceQuality "1"]

1. d4 d5 2. c4 e6 3. Nc3 a6 4. cxd5 exd5 5. Nf3 Nf6 6. Bg5 Be7 7. e3 0-0 8. Qc2 Nc6 9. a3 h6 10. Bh4 Bg4 11. Be2 Qd7 1/2-1/2

[Event "OP-2011-0-01390"]
[Site "LSS email"]
[Date "2011.01.30"]
[Round "?"]
[White "Vrigazov, Hristo"]
[Black "Joey, Tribianii"]
[Result "1/2-1/2"]
[WhiteElo "1833"]
[BlackElo "1118"]
[PlyCount "29"]
[EventDate "2011.01.26"]
[EventType "tourn (corr)"]
[EventRounds "4"]
[EventCountry "GER"]
[SourceTitle "Corr 2013"]
[Source "ChessBase"]
[SourceDate "2012.11.12"]
[SourceVersion "1"]
[SourceVersionDate "2012.11.12"]
[SourceQuality "1"]

1. e4 c5 2. Nf3 d6 3. d4 cxd4 4. Nxd4 Nf6 5. Nc3 a6 6. Be3 e5 7. Nf3 Be7 8. Bc4 0-0 9. 0-0 Be6 10. Bxe6 fxe6 11. Na4 Ng4 12. Qd3 Nxe3 13. Qxe3 b5 14. Nb6 Ra7 15. Nd5 1/2-1/2

[Event "OP-2010-0-01325"]
[Site "LSS email"]
[Date "2010.11.27"]
[Round "?"]
[White "Joey, Tribianii"]
[Black "Grimm, Wolfgang"]
[Result "1-0"]
[WhiteElo "992"]
[BlackElo "1438"]
[PlyCount "41"]
[EventDate "2010.11.22"]
[EventType "tourn (corr)"]
[EventRounds "4"]
[EventCountry "GER"]
[SourceTitle "Telechess CBM 145"]
[Source "Chessbase"]
[SourceDate "2011.11.11"]
[SourceVersion "1"]
[SourceVersionDate "2011.11.11"]
[SourceQuality "1"]

1. d4 Nf6 2. c4 d5 3. Nc3 dxc4 4. e4 Nc6 5. e5 Nd5 6. Bxc4 Be6 7. Bb3 Na5 8. Bxd5 Bxd5 9. Qg4 Bxg2 10. Qxg2 Qxd4 11. Be3 Qb4 12. Nge2 e6 13. 0-0 Nc4 14. a3 Qb3 15. Nd4 Qb6 16. Nc2 Qxb2 17. Rab1 Nxe3 18. Nxe3 Qxc3 19. Qxb7 Rd8 20. Rfc1 Qxe5 21. Qc6+ 1-0